[Event "DVM U16 2023"]
[Site "Magdeburg GER"]
[Date "2023.12.27"]
[Round "1"]
[White "Nitsche, Nikolai"]
[Black "Colditz, Elias"]
[Result "1/2-1/2"]
[Termination "normal"]
[Board "7.2"]
[WhiteElo "1874"]
[BlackElo "1706"]
[WhiteClock "00:17:52"]
[BlackClock "00:04:26"]
[WhiteTeam "SV Empor Berlin"]
[BlackTeam "SV Multatuli Ingelheim"]
[PlyCount "108"]
[WhiteFideId "16221036"]
[BlackFideId "16298039"]
[EventCountry "GER"]
[EventRounds "7"]
[EventType "team-swiss"]
[EventDate "2023.12.26"]

1. Nf3 {[%clk 01:30:53]} {[%emt 00:00:05]} d5 {[%clk 01:30:37]} {[%emt
00:00:24]} 2. g3 {[%clk 01:31:17]} {[%emt 00:00:06]} Nd7 {[%clk 01:28:32]}
{[%emt 00:02:36]} 3. d4 {[%clk 01:30:05]} {[%emt 00:01:43]} Nb6 {[%clk
01:27:35]} {[%emt 00:01:25]} 4. Bg2 {[%clk 01:29:42]} {[%emt 00:00:53]} Bf5
{[%clk 01:26:25]} {[%emt 00:01:40]} 5. O-O {[%clk 01:29:17]} {[%emt 00:00:56]}
Nf6 {[%clk 01:26:16]} {[%emt 00:00:38]} 6. Ne5 {[%clk 01:25:40]} {[%emt
00:04:09]} e6 {[%clk 01:24:13]} {[%emt 00:02:34]} 7. c4 {[%clk 01:23:56]}
{[%emt 00:02:13]} c6 {[%clk 01:20:04]} {[%emt 00:04:37]} 8. cxd5 {[%clk
01:18:58]} {[%emt 00:05:28]} exd5 {[%clk 01:10:44]} {[%emt 00:09:50]} 9. Nc3
{[%clk 01:17:02]} {[%emt 00:02:24]} Be7 {[%clk 01:06:13]} {[%emt 00:05:03]} 10.
Bf4 {[%clk 01:09:01]} {[%emt 00:08:30]} O-O {[%clk 01:04:12]} {[%emt 00:02:32]}
11. Rc1 {[%clk 01:06:55]} {[%emt 00:02:36]} Bd6 {[%clk 00:55:57]} {[%emt
00:08:45]} 12. Qb3 {[%clk 00:57:09]} {[%emt 00:10:16]} Bxe5 {[%clk 00:48:16]}
{[%emt 00:08:12]} 13. Bxe5 {[%clk 00:51:01]} {[%emt 00:06:38]} Ne4 {[%clk
00:34:37]} {[%emt 00:14:08]} 14. Nxe4 {[%clk 00:49:09]} {[%emt 00:02:23]} Bxe4
{[%clk 00:33:26]} {[%emt 00:01:41]} 15. Bxe4 {[%clk 00:48:13]} {[%emt
00:01:26]} dxe4 {[%clk 00:33:46]} {[%emt 00:00:10]} 16. a3 {[%clk 00:44:12]}
{[%emt 00:04:32]} Qe7 {[%clk 00:31:52]} {[%emt 00:02:24]} 17. a4 {[%clk
00:31:58]} {[%emt 00:12:44]} Nd5 {[%clk 00:28:39]} {[%emt 00:03:44]} 18. Qa3
{[%clk 00:19:57]} {[%emt 00:12:32]} Rfe8 {[%clk 00:21:42]} {[%emt 00:07:27]}
19. Qxe7 {[%clk 00:19:56]} {[%emt 00:00:31]} Rxe7 {[%clk 00:21:38]} {[%emt
00:00:34]} 20. g4 {[%clk 00:16:45]} {[%emt 00:03:40]} f6 {[%clk 00:18:37]}
{[%emt 00:03:31]} 21. Bg3 {[%clk 00:17:10]} {[%emt 00:00:05]} e3 {[%clk
00:17:20]} {[%emt 00:01:47]} 22. f3 {[%clk 00:15:58]} {[%emt 00:01:42]} a5
{[%clk 00:15:14]} {[%emt 00:02:37]} 23. Rfd1 {[%clk 00:14:07]} {[%emt
00:02:21]} Ra6 {[%clk 00:12:07]} {[%emt 00:03:37]} 24. Rc2 {[%clk 00:13:01]}
{[%emt 00:01:36]} Nb6 {[%clk 00:07:09]} {[%emt 00:05:27]} 25. b3 {[%clk
00:12:40]} {[%emt 00:00:52]} Nd5 {[%clk 00:06:55]} {[%emt 00:00:44]} 26. Rc5
{[%clk 00:10:45]} {[%emt 00:02:25]} Re6 {[%clk 00:03:16]} {[%emt 00:04:08]} 27.
Be1 {[%clk 00:04:34]} {[%emt 00:06:41]} b6 {[%clk 00:02:07]} {[%emt 00:01:40]}
28. Rc4 {[%clk 00:04:59]} {[%emt 00:00:05]} Ra8 {[%clk 00:01:34]} {[%emt
00:01:03]} 29. Rdc1 {[%clk 00:04:54]} {[%emt 00:00:36]} Rc8 {[%clk 00:01:23]}
{[%emt 00:00:40]} 30. b4 {[%clk 00:05:18]} {[%emt 00:00:06]} axb4 {[%clk
00:01:02]} {[%emt 00:00:51]} 31. Bxb4 {[%clk 00:05:41]} {[%emt 00:00:06]} Kf7
{[%clk 00:00:54]} {[%emt 00:00:38]} 32. Be1 {[%clk 00:04:01]} {[%emt 00:02:10]}
Ke8 {[%clk 00:00:51]} {[%emt 00:00:33]} 33. Bg3 {[%clk 00:01:29]} {[%emt
00:03:02]} Kd7 {[%clk 00:00:52]} {[%emt 00:00:29]} 34. Kg2 {[%clk 00:01:28]}
{[%emt 00:00:32]} Ra8 {[%clk 00:00:42]} {[%emt 00:00:40]} 35. f4 {[%clk
00:01:22]} {[%emt 00:00:35]} Rc8 {[%clk 00:01:03]} {[%emt 00:00:09]} 36. Kf3
{[%clk 00:01:40]} {[%emt 00:00:12]} g6 {[%clk 00:00:47]} {[%emt 00:00:46]} 37.
h3 {[%clk 00:01:32]} {[%emt 00:00:38]} f5 {[%clk 00:00:44]} {[%emt 00:00:32]}
38. Rb1 {[%clk 00:00:43]} {[%emt 00:01:19]} Ra8 {[%clk 00:00:38]} {[%emt
00:00:37]} 39. Rbc1 {[%clk 00:00:56]} {[%emt 00:00:17]} Rc8 {[%clk 00:00:59]}
{[%emt 00:00:09]} 40. Bh2 {[%clk 00:00:59]} {[%emt 00:00:27]} Re4 {[%clk
00:00:35]} {[%emt 00:00:54]} 41. gxf5 {[%clk 00:25:47]} {[%emt 00:05:42]} gxf5
{[%clk 00:30:43]} {[%emt 00:00:22]} 42. Rg1 {[%clk 00:25:23]} {[%emt 00:00:54]}
Ne7 {[%clk 00:16:03]} {[%emt 00:15:10]} 43. Rg5 {[%clk 00:22:21]} {[%emt
00:03:31]} c5 {[%clk 00:14:02]} {[%emt 00:02:31]} 44. Rxf5 {[%clk 00:21:33]}
{[%emt 00:01:18]} Nxf5 {[%clk 00:12:37]} {[%emt 00:01:55]} 45. Kxe4 {[%clk
00:21:30]} {[%emt 00:00:33]} Nd6+ {[%clk 00:12:57]} {[%emt 00:00:09]} 46. Kd3
{[%clk 00:21:48]} {[%emt 00:00:12]} Nxc4 {[%clk 00:10:49]} {[%emt 00:02:39]}
47. Kxc4 {[%clk 00:21:48]} {[%emt 00:00:30]} cxd4+ {[%clk 00:07:03]} {[%emt
00:04:16]} 48. Kxd4 {[%clk 00:21:45]} {[%emt 00:00:34]} Rg8 {[%clk 00:06:07]}
{[%emt 00:01:26]} 49. f5 {[%clk 00:20:19]} {[%emt 00:01:55]} Rg2 {[%clk
00:05:44]} {[%emt 00:00:53]} 50. Bf4 {[%clk 00:19:42]} {[%emt 00:01:07]} Rxe2
{[%clk 00:05:19]} {[%emt 00:00:56]} 51. Bxe3 {[%clk 00:20:00]} {[%emt
00:00:13]} Ra2 {[%clk 00:04:59]} {[%emt 00:00:49]} 52. Ke5 {[%clk 00:19:04]}
{[%emt 00:01:26]} Ke7 {[%clk 00:04:31]} {[%emt 00:00:58]} 53. Bxb6 {[%clk
00:17:42]} {[%emt 00:01:52]} Rxa4 {[%clk 00:04:34]} {[%emt 00:00:27]} 54. Bd4
{[%clk 00:17:52]} {[%emt 00:00:19]} Kf7 {[%clk 00:04:26]} {[%emt 00:01:32]}
1/2-1/2

[Event "DVM U16 2023"]
[Site "Magdeburg GER"]
[Date "2023.12.27"]
[Round "1"]
[White "Yue, Qihang"]
[Black "Stein, Theodor"]
[Result "1/2-1/2"]
[Termination "normal"]
[Board "7.3"]
[WhiteElo "1433"]
[BlackElo "1700"]
[WhiteClock "00:07:26"]
[BlackClock "00:16:24"]
[WhiteTeam "SV Multatuli Ingelheim"]
[BlackTeam "SV Empor Berlin"]
[PlyCount "124"]
[WhiteFideId "16278968"]
[BlackFideId "34602801"]
[EventCountry "GER"]
[EventRounds "7"]
[EventType "team-swiss"]
[EventDate "2023.12.26"]

1. e4 {[%clk 01:30:55]} {[%emt 00:00:05]} d6 {[%clk 01:30:57]} {[%emt
00:00:03]} 2. d4 {[%clk 01:31:16]} {[%emt 00:00:09]} Nf6 {[%clk 01:31:25]}
{[%emt 00:00:03]} 3. Nc3 {[%clk 01:31:37]} {[%emt 00:00:08]} g6 {[%clk
01:31:52]} {[%emt 00:00:05]} 4. Nf3 {[%clk 01:31:39]} {[%emt 00:00:28]} Bg7
{[%clk 01:32:17]} {[%emt 00:00:03]} 5. h3 {[%clk 01:31:27]} {[%emt 00:00:41]}
O-O {[%clk 01:32:40]} {[%emt 00:00:08]} 6. Be3 {[%clk 01:31:38]} {[%emt
00:00:18]} a6 {[%clk 01:32:29]} {[%emt 00:00:41]} 7. a4 {[%clk 01:31:35]}
{[%emt 00:00:32]} e5 {[%clk 01:29:09]} {[%emt 00:03:51]} 8. dxe5 {[%clk
01:31:04]} {[%emt 00:01:01]} dxe5 {[%clk 01:29:30]} {[%emt 00:00:09]} 9. Bc4
{[%clk 01:26:05]} {[%emt 00:05:28]} Qe7 {[%clk 01:21:54]} {[%emt 00:08:06]} 10.
Qb1 {[%clk 01:19:08]} {[%emt 00:07:26]} Qb4 {[%clk 01:07:53]} {[%emt 00:14:31]}
11. Bd3 {[%clk 01:15:48]} {[%emt 00:03:49]} Nc6 {[%clk 01:03:02]} {[%emt
00:05:22]} 12. O-O {[%clk 01:15:34]} {[%emt 00:00:44]} Be6 {[%clk 01:00:27]}
{[%emt 00:03:05]} 13. Bd2 {[%clk 00:54:24]} {[%emt 00:21:39]} Rfd8 {[%clk
00:54:57]} {[%emt 00:06:01]} 14. Qe1 {[%clk 00:40:34]} {[%emt 00:14:20]} Qe7
{[%clk 00:49:28]} {[%emt 00:05:59]} 15. Qe2 {[%clk 00:36:24]} {[%emt 00:04:39]}
Nh5 {[%clk 00:37:03]} {[%emt 00:12:55]} 16. Ng5 {[%clk 00:31:00]} {[%emt
00:05:53]} Nd4 {[%clk 00:34:39]} {[%emt 00:02:54]} 17. Qd1 {[%clk 00:29:08]}
{[%emt 00:02:23]} Nf4 {[%clk 00:31:01]} {[%emt 00:04:09]} 18. Bxf4 {[%clk
00:28:32]} {[%emt 00:01:06]} exf4 {[%clk 00:31:26]} {[%emt 00:00:05]} 19. Nxe6
{[%clk 00:28:34]} {[%emt 00:00:28]} fxe6 {[%clk 00:29:43]} {[%emt 00:02:13]}
20. Qg4 {[%clk 00:26:53]} {[%emt 00:02:10]} Qf7 {[%clk 00:26:59]} {[%emt
00:03:14]} 21. Rfd1 {[%clk 00:23:16]} {[%emt 00:04:06]} h5 {[%clk 00:10:46]}
{[%emt 00:16:45]} 22. Qg5 {[%clk 00:21:54]} {[%emt 00:01:51]} Kh7 {[%clk
00:07:40]} {[%emt 00:03:37]} 23. e5 {[%clk 00:21:10]} {[%emt 00:01:15]} Nf5
{[%clk 00:05:20]} {[%emt 00:02:50]} 24. Bxf5 {[%clk 00:12:13]} {[%emt
00:09:24]} Qxf5 {[%clk 00:03:57]} {[%emt 00:01:55]} 25. Qe7 {[%clk 00:06:17]}
{[%emt 00:06:25]} Rdc8 {[%clk 00:02:52]} {[%emt 00:01:36]} 26. Rd7 {[%clk
00:05:14]} {[%emt 00:01:32]} Qxe5 {[%clk 00:02:42]} {[%emt 00:00:41]} 27. Ne4
{[%clk 00:04:22]} {[%emt 00:01:22]} Kh6 {[%clk 00:00:48]} {[%emt 00:02:25]} 28.
Ng5 {[%clk 00:04:05]} {[%emt 00:00:46]} Qf6 {[%clk 00:00:34]} {[%emt 00:00:44]}
29. Nf7+ {[%clk 00:03:30]} {[%emt 00:01:04]} Kh7 {[%clk 00:01:03]} {[%emt
00:00:02]} 30. Qxf6 {[%clk 00:03:32]} {[%emt 00:00:27]} Bxf6 {[%clk 00:01:32]}
{[%emt 00:00:02]} 31. Nd6+ {[%clk 00:02:58]} {[%emt 00:01:04]} Kh6 {[%clk
00:02:00]} {[%emt 00:00:03]} 32. Nxc8 {[%clk 00:03:04]} {[%emt 00:00:23]} Rxc8
{[%clk 00:02:28]} {[%emt 00:00:02]} 33. Rf7 {[%clk 00:03:12]} {[%emt 00:00:22]}
Bxb2 {[%clk 00:01:36]} {[%emt 00:01:24]} 34. Rd1 {[%clk 00:03:11]} {[%emt
00:00:30]} Be5 {[%clk 00:01:11]} {[%emt 00:00:55]} 35. Rdd7 {[%clk 00:03:11]}
{[%emt 00:00:30]} Bd6 {[%clk 00:01:08]} {[%emt 00:00:34]} 36. h4 {[%clk
00:02:18]} {[%emt 00:01:22]} Rh8 {[%clk 00:01:04]} {[%emt 00:00:33]} 37. Rf6
{[%clk 00:02:10]} {[%emt 00:00:37]} Re8 {[%clk 00:00:56]} {[%emt 00:00:39]} 38.
Rff7 {[%clk 00:02:15]} {[%emt 00:00:26]} Rh8 {[%clk 00:01:22]} {[%emt
00:00:04]} 39. Rf6 {[%clk 00:02:10]} {[%emt 00:00:35]} Re8 {[%clk 00:00:49]}
{[%emt 00:01:04]} 40. Kf1 {[%clk 00:02:11]} {[%emt 00:00:28]} b6 {[%clk
00:00:38]} {[%emt 00:00:41]} 41. Rff7 {[%clk 00:02:23]} {[%emt 00:00:18]} Rh8
{[%clk 00:00:42]} {[%emt 00:00:27]} 42. Ke2 {[%clk 00:30:06]} {[%emt 00:02:47]}
b5 {[%clk 00:21:54]} {[%emt 00:09:18]} 43. axb5 {[%clk 00:30:27]} {[%emt
00:00:08]} axb5 {[%clk 00:22:21]} {[%emt 00:00:04]} 44. Rf6 {[%clk 00:24:42]}
{[%emt 00:06:14]} Re8 {[%clk 00:22:02]} {[%emt 00:00:48]} 45. Rff7 {[%clk
00:25:02]} {[%emt 00:00:11]} Rh8 {[%clk 00:22:28]} {[%emt 00:00:04]} 46. Kf3
{[%clk 00:24:42]} {[%emt 00:00:49]} b4 {[%clk 00:19:49]} {[%emt 00:03:09]} 47.
Ke4 {[%clk 00:24:19]} {[%emt 00:00:53]} e5 {[%clk 00:18:08]} {[%emt 00:02:12]}
48. Kd5 {[%clk 00:22:57]} {[%emt 00:01:51]} e4 {[%clk 00:17:56]} {[%emt
00:00:43]} 49. Kxe4 {[%clk 00:23:10]} {[%emt 00:00:16]} Re8+ {[%clk 00:18:12]}
{[%emt 00:00:15]} 50. Kd3 {[%clk 00:22:49]} {[%emt 00:00:50]} Rh8 {[%clk
00:17:49]} {[%emt 00:00:54]} 51. Kc4 {[%clk 00:21:59]} {[%emt 00:01:20]} Be5
{[%clk 00:18:04]} {[%emt 00:00:15]} 52. Kxb4 {[%clk 00:20:10]} {[%emt
00:02:18]} g5 {[%clk 00:18:17]} {[%emt 00:00:17]} 53. hxg5+ {[%clk 00:18:45]}
{[%emt 00:01:55]} Kxg5 {[%clk 00:16:12]} {[%emt 00:02:35]} 54. Kc4 {[%clk
00:13:27]} {[%emt 00:05:48]} Kg6 {[%clk 00:15:12]} {[%emt 00:01:31]} 55. Rfe7
{[%clk 00:12:56]} {[%emt 00:01:00]} Bd6 {[%clk 00:15:19]} {[%emt 00:00:24]} 56.
Rg7+ {[%clk 00:12:32]} {[%emt 00:00:53]} Kf6 {[%clk 00:15:27]} {[%emt
00:00:23]} 57. Rdf7+ {[%clk 00:11:36]} {[%emt 00:01:25]} Ke6 {[%clk 00:15:43]}
{[%emt 00:00:14]} 58. Rh7 {[%clk 00:10:48]} {[%emt 00:01:18]} Ra8 {[%clk
00:15:50]} {[%emt 00:00:23]} 59. Rfg7 {[%clk 00:10:15]} {[%emt 00:01:03]} Kf6
{[%clk 00:15:55]} {[%emt 00:00:25]} 60. Rf7+ {[%clk 00:09:09]} {[%emt
00:01:37]} Ke6 {[%clk 00:16:06]} {[%emt 00:00:18]} 61. Rfg7 {[%clk 00:09:06]}
{[%emt 00:01:47]} Kf6 {[%clk 00:16:23]} {[%emt 00:00:14]} 62. Rf7+ {[%clk
00:07:26]} {[%emt 00:02:09]} Ke6 {[%clk 00:16:24]} {[%emt 00:00:29]} 1/2-1/2

[Event "DVM U16 2023"]
[Site "Magdeburg GER"]
[Date "2023.12.27"]
[Round "1"]
[White "Schmidt, Tobias"]
[Black "González Peisker, Mateo"]
[Result "1-0"]
[Termination "normal"]
[Board "7.4"]
[WhiteElo "1618"]
[BlackElo "1443"]
[WhiteClock "00:03:28"]
[BlackClock "00:14:03"]
[WhiteTeam "SV Empor Berlin"]
[BlackTeam "SV Multatuli Ingelheim"]
[PlyCount "69"]
[WhiteFideId "16254376"]
[BlackFideId "34610138"]
[EventCountry "GER"]
[EventRounds "7"]
[EventType "team-swiss"]
[EventDate "2023.12.26"]

1. d4 {[%clk 01:30:58]} {[%emt 00:00:02]} d5 {[%clk 01:30:49]} {[%emt
00:00:11]} 2. c4 {[%clk 01:31:19]} {[%emt 00:00:09]} c6 {[%clk 01:31:15]}
{[%emt 00:00:05]} 3. Nc3 {[%clk 01:31:19]} {[%emt 00:00:29]} Nf6 {[%clk
01:31:34]} {[%emt 00:00:12]} 4. Nf3 {[%clk 01:31:41]} {[%emt 00:00:07]} dxc4
{[%clk 01:31:37]} {[%emt 00:00:28]} 5. a4 {[%clk 01:25:44]} {[%emt 00:06:26]}
Bf5 {[%clk 01:31:15]} {[%emt 00:00:52]} 6. e3 {[%clk 01:25:04]} {[%emt
00:01:10]} e6 {[%clk 01:30:50]} {[%emt 00:00:55]} 7. Bxc4 {[%clk 01:25:06]}
{[%emt 00:00:27]} Bb4 {[%clk 01:30:51]} {[%emt 00:00:30]} 8. O-O {[%clk
01:22:42]} {[%emt 00:02:54]} O-O {[%clk 01:31:03]} {[%emt 00:00:18]} 9. Qb3
{[%clk 01:18:49]} {[%emt 00:04:23]} a5 {[%emt 00:07:04]} 10. Bd2 {[%clk
01:11:44]} {[%emt 00:03:02]} Nbd7 {[%clk 01:22:09]} {[%emt 00:07:23]} 11. Rfe1
{[%clk 00:58:18]} {[%emt 00:13:56]} c5 {[%clk 01:18:06]} {[%emt 00:04:34]} 12.
d5 {[%clk 00:55:45]} {[%emt 00:03:02]} e5 {[%clk 01:05:36]} {[%emt 00:13:00]}
13. e4 {[%clk 00:52:30]} {[%emt 00:03:45]} Bxc3 {[%clk 01:02:56]} {[%emt
00:03:10]} 14. Bxc3 {[%clk 00:52:47]} {[%emt 00:00:13]} Bxe4 {[%clk 00:59:50]}
{[%emt 00:03:36]} 15. Nxe5 {[%clk 00:50:44]} {[%emt 00:02:34]} Nxe5 {[%clk
00:57:09]} {[%emt 00:03:10]} 16. Bxe5 {[%clk 00:50:47]} {[%emt 00:00:27]} Bxd5
{[%clk 00:57:12]} {[%emt 00:00:27]} 17. Rac1 {[%clk 00:13:30]} {[%emt
00:37:47]} Rc8 {[%clk 00:50:19]} {[%emt 00:06:50]} 18. Red1 {[%clk 00:07:38]}
{[%emt 00:06:54]} Bxc4 {[%emt 00:01:08]} 19. Qxc4 {[%emt 00:00:09]} Qb6 {[%clk
00:48:08]} {[%emt 00:01:24]} 20. Rd6 {[%clk 00:06:50]} {[%emt 00:01:19]} Qb4
{[%clk 00:46:51]} {[%emt 00:01:47]} 21. Bxf6 {[%clk 00:05:47]} {[%emt
00:01:33]} gxf6 {[%clk 00:46:38]} {[%emt 00:00:42]} 22. b3 {[%clk 00:05:42]}
{[%emt 00:00:36]} Rfe8 {[%clk 00:46:00]} {[%emt 00:01:08]} 23. h3 {[%clk
00:05:13]} {[%emt 00:00:58]} Re1+ {[%clk 00:44:18]} {[%emt 00:02:12]} 24. Kh2
{[%clk 00:03:18]} {[%emt 00:02:26]} Rxc1 {[%clk 00:44:27]} {[%emt 00:00:21]}
25. Qxc1 {[%clk 00:03:43]} {[%emt 00:00:04]} c4 {[%clk 00:38:51]} {[%emt
00:06:06]} 26. Rxf6 {[%clk 00:03:17]} {[%emt 00:00:56]} c3 {[%clk 00:22:11]}
{[%emt 00:17:10]} 27. Qg5+ {[%clk 00:03:30]} {[%emt 00:00:17]} Kf8 {[%clk
00:20:32]} {[%emt 00:02:09]} 28. Qh6+ {[%clk 00:03:02]} {[%emt 00:00:59]} Ke7
{[%clk 00:19:05]} {[%emt 00:01:56]} 29. Rb6 {[%clk 00:03:10]} {[%emt 00:00:22]}
Qe4 {[%clk 00:14:36]} {[%emt 00:04:58]} 30. Qf6+ {[%clk 00:02:26]} {[%emt
00:01:14]} Ke8 {[%clk 00:13:45]} {[%emt 00:01:21]} 31. Qh8+ {[%clk 00:02:44]}
{[%emt 00:00:12]} Kd7 {[%clk 00:14:06]} {[%emt 00:00:10]} 32. Qf6 {[%clk
00:03:04]} {[%emt 00:00:10]} c2 {[%clk 00:14:13]} {[%emt 00:00:23]} 33. Qxf7+
{[%clk 00:03:01]} {[%emt 00:00:32]} Qe7 {[%clk 00:13:49]} {[%emt 00:00:54]} 34.
Rxb7+ {[%clk 00:03:18]} {[%emt 00:00:14]} Kc6 {[%clk 00:14:03]} {[%emt
00:00:14]} 35. Qxe7 {[%clk 00:03:28]} {[%emt 00:00:20]} 1-0

[Event "DVM U16 2023"]
[Site "Magdeburg GER"]
[Date "2023.12.27"]
[Round "1"]
[White "Korchynskyi, Mykola"]
[Black "Burns, Mikala Tristan"]
[Result "1-0"]
[Termination "normal"]
[Board "8.1"]
[WhiteElo "2196"]
[BlackElo "1819"]
[WhiteClock "01:15:16"]
[BlackClock "00:02:03"]
[WhiteTeam "SF Essen-Katernberg 04/32"]
[BlackTeam "SG Grün-Weiß Dresden"]
[PlyCount "59"]
[WhiteFideId "34138005"]
[BlackFideId "16288459"]
[EventCountry "GER"]
[EventRounds "7"]
[EventType "team-swiss"]
[EventDate "2023.12.26"]

1. d4 {[%clk 01:30:53]} {[%emt 00:00:07]} Nf6 {[%clk 01:30:52]} {[%emt
00:00:08]} 2. c4 {[%clk 01:31:17]} {[%emt 00:00:05]} g6 {[%clk 01:31:17]}
{[%emt 00:00:07]} 3. Nc3 {[%clk 01:31:41]} {[%emt 00:00:04]} Bg7 {[%clk
01:31:43]} {[%emt 00:00:05]} 4. e4 {[%clk 01:32:06]} {[%emt 00:00:07]} d6
{[%clk 01:32:07]} {[%emt 00:00:08]} 5. Be2 {[%clk 01:32:30]} {[%emt 00:00:04]}
O-O {[%clk 01:32:29]} {[%emt 00:00:08]} 6. Be3 {[%clk 01:32:55]} {[%emt
00:00:04]} e5 {[%clk 01:32:54]} {[%emt 00:00:06]} 7. d5 {[%clk 01:33:20]}
{[%emt 00:00:04]} a5 {[%clk 01:32:47]} {[%emt 00:00:37]} 8. g4 {[%clk
01:33:41]} {[%emt 00:00:09]} Na6 {[%clk 01:32:32]} {[%emt 00:00:47]} 9. h4
{[%clk 01:33:44]} {[%emt 00:00:26]} Nc5 {[%clk 01:22:57]} {[%emt 00:10:05]} 10.
f3 {[%clk 01:34:09]} {[%emt 00:00:04]} h5 {[%clk 01:22:59]} {[%emt 00:00:28]}
11. g5 {[%clk 01:34:25]} {[%emt 00:00:15]} Ne8 {[%clk 01:22:10]} {[%emt
00:01:19]} 12. Qd2 {[%clk 01:34:29]} {[%emt 00:00:25]} Qe7 {[%clk 01:13:30]}
{[%emt 00:09:10]} 13. O-O-O {[%clk 01:34:16]} {[%emt 00:00:43]} Bd7 {[%clk
01:09:55]} {[%emt 00:04:05]} 14. Nh3 {[%clk 01:34:11]} {[%emt 00:00:36]} c6
{[%clk 00:49:53]} {[%emt 00:20:31]} 15. Nf2 {[%clk 01:32:34]} {[%emt 00:02:08]}
a4 {[%clk 00:43:03]} {[%emt 00:07:19]} 16. Kb1 {[%clk 01:30:18]} {[%emt
00:02:46]} Ra6 {[%clk 00:37:34]} {[%emt 00:05:58]} 17. Qc2 {[%clk 01:29:05]}
{[%emt 00:01:44]} cxd5 {[%clk 00:22:07]} {[%emt 00:15:57]} 18. Nxd5 {[%clk
01:26:28]} {[%emt 00:03:05]} Qd8 {[%clk 00:17:56]} {[%emt 00:04:42]} 19. Rd2
{[%clk 01:24:45]} {[%emt 00:02:13]} Qa5 {[%clk 00:10:14]} {[%emt 00:08:13]} 20.
Bxc5 {[%clk 01:22:52]} {[%emt 00:02:23]} Qxc5 {[%clk 00:10:06]} {[%emt
00:00:38]} 21. Nd3 {[%clk 01:23:18]} {[%emt 00:00:04]} Qa5 {[%clk 00:07:40]}
{[%emt 00:02:55]} 22. N3b4 {[%clk 01:18:31]} {[%emt 00:05:17]} Ra7 {[%clk
00:06:41]} {[%emt 00:01:29]} 23. a3 {[%clk 01:18:44]} {[%emt 00:00:19]} Be6
{[%clk 00:06:23]} {[%emt 00:00:47]} 24. Rhd1 {[%clk 01:17:43]} {[%emt
00:01:31]} Bxd5 {[%clk 00:04:20]} {[%emt 00:02:32]} 25. Rxd5 {[%clk 01:17:27]}
{[%emt 00:00:45]} Qb6 {[%clk 00:04:30]} {[%emt 00:00:20]} 26. Bf1 {[%clk
01:14:32]} {[%emt 00:03:27]} Qe3 {[%clk 00:04:30]} {[%emt 00:00:30]} 27. R5d3
{[%clk 01:14:31]} {[%emt 00:00:30]} Qf4 {[%clk 00:04:44]} {[%emt 00:00:17]} 28.
Qf2 {[%clk 01:14:55]} {[%emt 00:00:07]} Ra5 {[%clk 00:04:35]} {[%emt 00:00:38]}
29. R3d2 {[%clk 01:14:54]} {[%emt 00:00:31]} Nc7 {[%clk 00:02:03]} {[%emt
00:03:01]} 30. Nd3 {[%clk 01:15:16]} {[%emt 00:00:09]} 1-0